[Event "42nd POL-ch"]
[Site "Gdynia POL"]
[Date "1985.02.10"]
[Round "4"]
[White "Zolnierowicz, Krzysztof"]
[Black "Adamski, Jan"]
[Result "1/2-1/2"]
[WhiteElo "2270"]
[BlackElo "2450"]
[PlyCount "40"]
[EventDate "1985.02.07"]

1. Nf3 d5 2. c4 dxc4 3. Qa4+ c6 4. Qxc4 Nf6 5. e4 Be6 6. Qc2 Bg4 7. Be2 e5 8.
O-O Nbd7 9. d3 Bxf3 10. Bxf3 Nc5 11. Be3 Ne6 12. Be2 Nd4 13. Bxd4 Qxd4 14. Nd2
Bd6 15. Nf3 Qb6 16. d4 Qc7 17. dxe5 Bxe5 18. Bc4 O-O 19. Rae1 Rae8 20. g3 Nd7
1/2-1/2

[Event "42nd POL-ch"]
[Site "Gdynia POL"]
[Date "1985.02.11"]
[Round "5"]
[White "Adamski, Jan"]
[Black "Bany, Jerzy"]
[Result "1-0"]
[WhiteElo "2450"]
[BlackElo "2435"]
[PlyCount "49"]
[EventDate "1985.02.07"]

1. Nf3 d5 2. c4 c6 3. d4 Nf6 4. Qc2 e6 5. g3 Nbd7 6. Bg2 Be7 7. O-O O-O 8. b3
b6 9. Rd1 Bb7 10. Nc3 Rc8 11. e4 c5 12. exd5 exd5 13. Bb2 Re8 14. Nxd5 Nxd5 15.
cxd5 Bf6 16. Ne5 Nxe5 17. dxe5 Bxe5 18. d6 Bc6 19. Bxc6 Rxc6 20. d7 Ree6 21.
Bxe5 Rxe5 22. Rd2 Rc7 23. Rad1 Re7 24. Qd3 c4 25. Qd6 1-0

[Event "42nd POL-ch"]
[Site "Gdynia POL"]
[Date "1985.02.11"]
[Round "5"]
[White "Cichocki, Adam"]
[Black "Nowak, Ignacy"]
[Result "0-1"]
[WhiteElo "2250"]
[BlackElo "2395"]
[PlyCount "64"]
[EventDate "1985.02.07"]

1. d4 Nf6 2. Bg5 d5 3. Nd2 Nbd7 4. e3 h6 5. Bh4 e6 6. Bd3 Be7 7. Ngf3 b6 8. O-O
Bb7 9. Ne5 Nxe5 10. dxe5 Nd7 11. Bxe7 Qxe7 12. f4 O-O-O 13. a4 f6 14. exf6 Qxf6
15. b4 e5 16. fxe5 Qxe5 17. Re1 Qc3 18. b5 Rhe8 19. Nf3 Kb8 20. Nd4 Rxe3 21.
Nc6+ Bxc6 22. Rxe3 Qd4 23. Kf2 Ne5 24. Ke2 Be8 25. Bf5 Bh5+ 26. g4 Bxg4+ 27.
Bxg4 Qxg4+ 28. Ke1 Qg1+ 29. Ke2 Qxh2+ 30. Ke1 Qg1+ 31. Ke2 Qg2+ 32. Ke1 Rf8 0-1

[Event "42nd POL-ch"]
[Site "Gdynia POL"]
[Date "1985.02.11"]
[Round "5"]
[White "Kojder, Konrad"]
[Black "Zolnierowicz, Krzysztof"]
[Result "1/2-1/2"]
[WhiteElo "2370"]
[BlackElo "2270"]
[PlyCount "27"]
[EventDate "1985.02.07"]

1. d4 Nf6 2. Bg5 e6 3. Nf3 c5 4. c3 b6 5. Nbd2 Bb7 6. e3 Be7 7. Bd3 O-O 8. O-O
d6 9. Re1 Nbd7 10. h3 Re8 11. e4 cxd4 12. cxd4 h6 13. Bh4 a6 14. Rc1 1/2-1/2

[Event "42nd POL-ch"]
[Site "Gdynia POL"]
[Date "1985.02.11"]
[Round "5"]
[White "Kuczynski, Robert"]
[Black "Szymczak, Zbigniew"]
[Result "1-0"]
[WhiteElo "2415"]
[BlackElo "2335"]
[PlyCount "79"]
[EventDate "1985.02.07"]

1. e4 e5 2. Nf3 Nc6 3. Bb5 a6 4. Ba4 Nf6 5. O-O Be7 6. Re1 b5 7. Bb3 d6 8. c3
O-O 9. h3 Bb7 10. d4 Re8 11. Ng5 Rf8 12. Nf3 Re8 13. Nbd2 Bf8 14. Bc2 Nb8 15.
a4 Nbd7 16. Bd3 exd4 17. cxd4 c5 18. axb5 axb5 19. Rxa8 Bxa8 20. dxc5 Nxc5 21.
Bxb5 Re7 22. Nd4 Ncxe4 23. Nxe4 Rxe4 24. Rxe4 Nxe4 25. Be3 g6 26. Bc6 d5 27.
Qa4 Bxc6 28. Nxc6 Qe8 29. Qb5 Qd7 30. Qa6 Bc5 31. Bxc5 Nxc5 32. Qb5 Nd3 33. b4
Nf4 34. Qb8+ Kg7 35. b5 Ne6 36. Ne5 Qe7 37. b6 Qc5 38. Nd7 Qc1+ 39. Kh2 d4 40.
b7 1-0

[Event "42nd POL-ch"]
[Site "Gdynia POL"]
[Date "1985.02.11"]
[Round "5"]
[White "Pytel, Krzysztof"]
[Black "Dejkalo, Stefan"]
[Result "1/2-1/2"]
[WhiteElo "2405"]
[BlackElo "2325"]
[PlyCount "58"]
[EventDate "1985.02.07"]

1. d4 Nf6 2. c4 e6 3. Nc3 Bb4 4. e3 c5 5. Nge2 d5 6. a3 Bxc3+ 7. Nxc3 cxd4 8.
exd4 dxc4 9. Bxc4 Nc6 10. Be3 O-O 11. O-O h6 12. Qd3 Ne7 13. f3 Bd7 14. Bf2 Bc6
15. Rad1 Nfd5 16. Ba2 Ng6 17. Ne4 Qb6 18. Qd2 Rfd8 19. Kh1 Rac8 20. Rc1 Bb5 21.
Rxc8 Rxc8 22. Rc1 Rxc1+ 23. Qxc1 Qc6 24. Qxc6 Bxc6 25. Nc3 Kf8 26. Nxd5 Bxd5
27. Bb1 Ne7 28. Kg1 Nc6 29. Be3 Na5 1/2-1/2

[Event "42nd POL-ch"]
[Site "Gdynia POL"]
[Date "1985.02.11"]
[Round "5"]
[White "Staniszewski, Piotr"]
[Black "Pokojowczyk, Jerzy"]
[Result "1/2-1/2"]
[WhiteElo "2365"]
[BlackElo "2405"]
[PlyCount "50"]
[EventDate "1985.02.07"]

1. e4 c5 2. Nf3 d6 3. d4 cxd4 4. Nxd4 Nf6 5. Nc3 a6 6. Bg5 e6 7. f4 Qb6 8. Qd2
Qxb2 9. Nb3 Qa3 10. Bxf6 gxf6 11. Be2 Nc6 12. O-O h5 13. Kh1 Bd7 14. Nd1 Qb4
15. c3 Qb6 16. Ne3 Na5 17. c4 Nxb3 18. axb3 Bc6 19. Bd3 h4 20. h3 Rg8 21. Rfe1
Rg3 22. Nf1 Rg8 23. Ne3 Rg3 24. Nf1 Rg7 25. Ne3 Rg3 1/2-1/2

[Event "42nd POL-ch"]
[Site "Gdynia POL"]
[Date "1985.02.11"]
[Round "5"]
[White "Sygulski, Boguslaw"]
[Black "Jasnikowski, Zbigniew"]
[Result "1/2-1/2"]
[WhiteElo "2270"]
[BlackElo "2405"]
[PlyCount "113"]
[EventDate "1985.02.07"]

1. d4 Nf6 2. c4 g6 3. Nc3 d5 4. cxd5 Nxd5 5. e4 Nxc3 6. bxc3 Bg7 7. Bc4 c5 8.
Ne2 O-O 9. O-O Nc6 10. Be3 Qc7 11. Rc1 Rd8 12. Qa4 Bd7 13. Qa3 Bf8 14. Bf4 e5
15. dxe5 Nxe5 16. Qb3 Be8 17. Bd5 Rab8 18. c4 Bc6 19. Qg3 Bg7 20. Rfd1 Bxd5 21.
cxd5 c4 22. Nd4 Rbc8 23. Nb5 Qa5 24. Bxe5 Bxe5 25. Qxe5 Qxb5 26. h4 Re8 27. Qd4
Qc5 28. d6 Qxd4 29. Rxd4 Red8 30. e5 b5 31. Rd5 a6 32. f4 Kf8 33. Kf2 Ke8 34.
Ke3 Kd7 35. g4 Ke6 36. Ke4 f5+ 37. gxf5+ gxf5+ 38. Kd4 c3 39. Rc5 Rxc5 40. Kxc5
Rc8+ 41. Kb6 b4 42. Kxa6 Rc4 43. Rd1 c2 44. Rc1 Rxf4 45. Rxc2 Rd4 46. Kb7 f4
47. Kc8 f3 48. h5 h6 49. Kc7 Rd3 50. Rf2 Rc3+ 51. Kd8 Kxe5 52. d7 Kf4 53. Rd2
Ke3 54. Ke8 Kxd2 55. d8=Q+ Ke2 56. Qh4 f2 57. Qg4+ 1/2-1/2

[Event "42nd POL-ch"]
[Site "Gdynia POL"]
[Date "1985.02.11"]
[Round "5"]
[White "Tomaszewski, Roman"]
[Black "Sygulski, Artur"]
[Result "1/2-1/2"]
[WhiteElo "2405"]
[BlackElo "2445"]
[PlyCount "25"]
[EventDate "1985.02.07"]

1. Nf3 Nf6 2. g3 d5 3. Bg2 g6 4. d4 Bg7 5. O-O O-O 6. Bf4 c6 7. c3 Nbd7 8. Ne5
Nxe5 9. Bxe5 Bf5 10. Nd2 Nd7 11. Bxg7 Kxg7 12. Qb3 Qb6 13. Qxb6 1/2-1/2

[Event "42nd POL-ch"]
[Site "Gdynia POL"]
[Date "1985.02.12"]
[Round "6"]
[White "Bany, Jerzy"]
[Black "Kojder, Konrad"]
[Result "1-0"]
[WhiteElo "2435"]
[BlackElo "2370"]
[PlyCount "87"]
[EventDate "1985.02.07"]

1. Nf3 Nf6 2. c4 b6 3. g3 Bb7 4. Bg2 e6 5. O-O Be7 6. d4 O-O 7. Nc3 d5 8. Ne5
Na6 9. cxd5 exd5 10. Nd3 Qd7 11. Bg5 Rfd8 12. Ne5 Qe8 13. Qb3 Ne4 14. Bxe7 Qxe7
15. Rad1 c5 16. e3 c4 17. Qa4 Nxc3 18. bxc3 f6 19. Nf3 Qd7 20. Qc2 Re8 21. Nd2
Re7 22. h4 Nc7 23. Rb1 Bc6 24. Kh2 Nb5 25. Qb2 Nd6 26. Qa3 Rae8 27. Qb4 Qc7 28.
a4 Kh8 29. Rb2 Nf5 30. Kg1 Nd6 31. Ra1 Nb7 32. e4 dxe4 33. Nxc4 Rd8 34. a5 Bd5
35. axb6 axb6 36. Nxb6 Bg8 37. Ra7 Qb8 38. Qxe7 Qxa7 39. Na4 Rb8 40. Qb4 Ra8
41. Bxe4 Qxa4 42. Qxa4 Rxa4 43. Rxb7 g5 44. hxg5 1-0

[Event "42nd POL-ch"]
[Site "Gdynia POL"]
[Date "1985.02.12"]
[Round "6"]
[White "Dejkalo, Stefan"]
[Black "Pokojowczyk, Jerzy"]
[Result "1/2-1/2"]
[WhiteElo "2325"]
[BlackElo "2405"]
[PlyCount "130"]
[EventDate "1985.02.07"]

1. c4 Nf6 2. Nc3 c5 3. g3 e6 4. Nf3 Nc6 5. Bg2 d5 6. cxd5 Nxd5 7. O-O Be7 8. d4
O-O 9. Nxd5 exd5 10. dxc5 Bxc5 11. b3 Bf5 12. Bb2 Be4 13. Rc1 Qe7 14. Qd2 Bb6
15. Rfd1 Rfe8 16. e3 Rad8 17. Ba1 f6 18. Qe2 Kh8 19. Bc3 Qa3 20. Qb2 Qxb2 21.
Bxb2 Nb4 22. Ra1 Rc8 23. Ne1 h6 24. a3 Nc6 25. b4 Ne5 26. Bxe5 fxe5 27. Rac1
Bxg2 28. Kxg2 Rcd8 29. Nd3 Kg8 30. a4 a5 31. Rb1 Re7 32. bxa5 Bxa5 33. Rb5 b6
34. Nc1 d4 35. Nb3 Bc3 36. Rxb6 Ra8 37. exd4 exd4 38. a5 Bxa5 39. Nxa5 Rxa5 40.
Rxd4 Ra2 41. Rf4 Rc2 42. Rb8+ Kh7 43. h4 Rcc7 44. h5 Rf7 45. Rxf7 Rxf7 46. g4
Rf4 47. Kg3 Rf7 48. Re8 Rf6 49. Re7 Rf8 50. Re5 Ra8 51. Kf4 Rf8+ 52. Ke3 Ra8
53. Ke4 Rd8 54. f4 Ra8 55. Re7 Ra4+ 56. Kf5 Ra5+ 57. Re5 Ra8 58. g5 hxg5 59.
fxg5 g6+ 60. hxg6+ Kg7 61. Re7+ Kf8 62. Kf6 Ra6+ 63. Re6 Rxe6+ 64. Kxe6 Kg7 65.
Kf5 Kg8 1/2-1/2

[Event "42nd POL-ch"]
[Site "Gdynia POL"]
[Date "1985.02.12"]
[Round "6"]
[White "Jasnikowski, Zbigniew"]
[Black "Staniszewski, Piotr"]
[Result "1/2-1/2"]
[WhiteElo "2405"]
[BlackElo "2365"]
[PlyCount "80"]
[EventDate "1985.02.07"]

1. d4 Nf6 2. c4 e6 3. Nf3 b6 4. g3 Ba6 5. b3 Bb4+ 6. Bd2 Be7 7. Nc3 O-O 8. Bg2
c6 9. O-O d5 10. Bf4 Nbd7 11. Rc1 Rc8 12. Qd3 Ne8 13. e4 Nd6 14. Nd2 Nxe4 15.
Ndxe4 dxe4 16. Nxe4 Nc5 17. Nxc5 Bxc5 18. Rfd1 Be7 19. Be4 h6 20. Qf3 Qd7 21.
Qh5 Rfd8 22. g4 Bf6 23. g5 hxg5 24. Bxg5 Bxg5 25. Qxg5 c5 26. d5 Bb7 27. Rc3 f5
28. Bg2 Qf7 29. Re1 f4 30. Re5 Rd6 31. Rd3 Re8 32. Rf3 exd5 33. Rxf4 Rxe5 34.
Qxe5 Qg6 35. Qf5 Rf6 36. Qxg6 Rxg6 37. Kf1 Rxg2 38. Kxg2 dxc4+ 39. Kf1 cxb3 40.
axb3 a5 1/2-1/2

[Event "42nd POL-ch"]
[Site "Gdynia POL"]
[Date "1985.02.12"]
[Round "6"]
[White "Nowak, Ignacy"]
[Black "Tomaszewski, Roman"]
[Result "1/2-1/2"]
[WhiteElo "2395"]
[BlackElo "2405"]
[PlyCount "67"]
[EventDate "1985.02.07"]

1. d4 d5 2. c4 dxc4 3. Nf3 a6 4. Nc3 Nf6 5. e4 b5 6. e5 Nd5 7. a4 Bf5 8. Be2
Nxc3 9. bxc3 c6 10. Ba3 e6 11. Bxf8 Rxf8 12. O-O Nd7 13. d5 cxd5 14. Nd4 Bg6
15. f4 Qb6 16. axb5 Ke7 17. Qa4 axb5 18. Qb4+ Qc5 19. Ra5 Rxa5 20. Qxa5 Rc8 21.
Ra1 Bc2 22. Qxb5 Qxb5 23. Nxb5 Rb8 24. Ra5 Be4 25. Nd4 Rb6 26. Ra7 g5 27. g3
gxf4 28. gxf4 Kd8 29. Bd1 Rb1 30. Nc6+ Kc8 31. Ne7+ Kb8 32. Nc6+ Kc8 33. Ne7+
Kb8 34. Nc6+ 1/2-1/2

[Event "42nd POL-ch"]
[Site "Gdynia POL"]
[Date "1985.02.12"]
[Round "6"]
[White "Pytel, Krzysztof"]
[Black "Cichocki, Adam"]
[Result "0-1"]
[WhiteElo "2405"]
[BlackElo "2250"]
[PlyCount "158"]
[EventDate "1985.02.07"]

1. Nf3 d5 2. c4 c6 3. e3 Nf6 4. Nc3 Nbd7 5. d4 e6 6. Bd3 dxc4 7. Bxc4 b5 8. Be2
Bb7 9. e4 b4 10. e5 bxc3 11. exf6 Nxf6 12. bxc3 Qc7 13. Qa4 Be7 14. c4 O-O 15.
c5 Nd7 16. Be3 e5 17. Nxe5 Nxe5 18. dxe5 Qxe5 19. Rd1 Bc8 20. O-O Bf5 21. Rc1
Be4 22. Rfe1 Rfe8 23. Bf1 Bf8 24. Rc4 Bd5 25. Rb4 Bxc5 26. Rg4 Qb2 27. Re2 Qa3
28. Qf4 Bxe3 29. fxe3 Re4 30. Qg5 Rxg4 31. Qxg4 Re8 32. Qd7 Qe7 33. Qxe7 Rxe7
34. Rb2 g6 35. Kf2 Re4 36. Bd3 Ra4 37. Bb1 Kg7 38. g3 Kf6 39. Ke2 Ke5 40. Kd2
Ra6 41. Kc3 Ra3+ 42. Kd2 c5 43. Rc2 Kd6 44. Rc3 Ra6 45. a3 Rb6 46. Bc2 c4 47.
Bd1 Kc5 48. Be2 Rb1 49. Rc1 Rb3 50. Rc3 Rb6 51. Rc1 Rf6 52. Ke1 Ra6 53. Rc3 Rc6
54. h4 Kd6 55. Kd2 Ke5 56. Bf1 Rc7 57. Be2 Ke4 58. h5 Ke5 59. hxg6 fxg6 60. g4
Kf6 61. Rc1 Kg5 62. Kc3 Be6 63. Kd4 c3 64. Rxc3 Rxc3 65. Kxc3 Bxg4 66. Ba6 Bf3
67. Kd4 Kf6 68. e4 g5 69. e5+ Ke7 70. Bc8 h5 71. Bf5 h4 72. Ke3 Bd5 73. Bg4 Be6
74. Bh5 g4 75. Kf4 g3 76. Bf3 Kd8 77. Be4 Kc7 78. Bg2 Kb6 79. Bf1 Ka5 0-1

[Event "42nd POL-ch"]
[Site "Gdynia POL"]
[Date "1985.02.12"]
[Round "6"]
[White "Sygulski, Artur"]
[Black "Adamski, Jan"]
[Result "1/2-1/2"]
[WhiteElo "2445"]
[BlackElo "2450"]
[PlyCount "34"]
[EventDate "1985.02.07"]

1. d4 d5 2. Nf3 Nf6 3. g3 c6 4. Bg2 Bf5 5. O-O Nbd7 6. Nbd2 e6 7. b3 Ne4 8.
Nxe4 Bxe4 9. Bb2 Be7 10. e3 O-O 11. Qe2 a5 12. c4 a4 13. c5 Qa5 14. Rfc1 b6 15.
Bc3 Qa6 16. Qxa6 Rxa6 17. b4 b5 1/2-1/2

[Event "42nd POL-ch"]
[Site "Gdynia POL"]
[Date "1985.02.12"]
[Round "6"]
[White "Szymczak, Zbigniew"]
[Black "Sygulski, Boguslaw"]
[Result "1/2-1/2"]
[WhiteElo "2335"]
[BlackElo "2270"]
[PlyCount "85"]
[EventDate "1985.02.07"]

1. d4 Nf6 2. c4 g6 3. Nc3 Bg7 4. e4 d6 5. Nf3 O-O 6. Be2 e5 7. Be3 Nbd7 8. O-O
a5 9. Qc2 Ng4 10. Bg5 f6 11. Bh4 h5 12. h3 Nh6 13. dxe5 dxe5 14. Rfd1 Nf7 15.
a3 c6 16. b4 axb4 17. axb4 Rxa1 18. Rxa1 Qe7 19. Qb3 Rd8 20. Ra7 Nf8 21. Na4
Qc7 22. Ra8 Be6 23. Rxd8 Qxd8 24. Qc2 Bh6 25. c5 Bf4 26. Bf1 Kg7 27. Nb6 g5 28.
g3 Ng6 29. gxf4 exf4 30. Bxg5 Nxg5 31. Nxg5 fxg5 32. Bc4 Bxc4 33. Nxc4 Qd4 34.
Nd6 Nh4 35. Qb3 Qa1+ 36. Kh2 Qf1 37. Qf7+ Kh6 38. Qf6+ Kh7 39. Qe7+ Kg6 40.
Qe8+ Kg7 41. Qe5+ Kg6 42. Qe6+ Kh7 43. Qf7+ 1/2-1/2

[Event "42nd POL-ch"]
[Site "Gdynia POL"]
[Date "1985.02.12"]
[Round "6"]
[White "Zolnierowicz, Krzysztof"]
[Black "Kuczynski, Robert"]
[Result "1/2-1/2"]
[WhiteElo "2270"]
[BlackElo "2415"]
[PlyCount "67"]
[EventDate "1985.02.07"]

1. Nf3 Nf6 2. c4 c6 3. d4 d5 4. cxd5 cxd5 5. Nc3 Nc6 6. Bf4 e6 7. e3 Be7 8. h3
O-O 9. Bd3 Nh5 10. Bh2 f5 11. O-O Nf6 12. Ne5 Nxe5 13. Bxe5 Bd7 14. Rc1 a6 15.
Bc2 Bc6 16. Ba4 b5 17. Bb3 Qd7 18. Ne2 b4 19. Nf4 Rac8 20. f3 Bb5 21. Rxc8 Rxc8
22. Rf2 a5 23. Bc2 Qc6 24. g4 g6 25. Rg2 fxg4 26. hxg4 Nd7 27. Nd3 Bxd3 28.
Qxd3 Nxe5 29. dxe5 Qc4 30. Qxc4 Rxc4 31. Bb3 Rc1+ 32. Kh2 Kf8 33. Re2 Bh4 34.
Kg2 1/2-1/2

[Event "42nd POL-ch"]
[Site "Gdynia POL"]
[Date "1985.02.13"]
[Round "7"]
[White "Adamski, Jan"]
[Black "Nowak, Ignacy"]
[Result "1/2-1/2"]
[WhiteElo "2450"]
[BlackElo "2395"]
[PlyCount "57"]
[EventDate "1985.02.07"]

1. d4 Nf6 2. c4 g6 3. Nc3 Bg7 4. e4 d6 5. Be2 O-O 6. Bg5 c5 7. dxc5 Qa5 8. Bd2
Qxc5 9. Nf3 Bg4 10. O-O Qc7 11. Rc1 Nc6 12. b3 Rfc8 13. h3 Bxf3 14. Bxf3 Nd4
15. Be3 Nxf3+ 16. Qxf3 b6 17. Bg5 Qb7 18. Rfd1 Rc5 19. Be3 Rcc8 20. Bd4 Ne8 21.
Bxg7 Kxg7 22. Nd5 e6 23. Nc3 a6 24. Qe3 Qc7 25. Na4 Rab8 26. f4 Qc6 27. e5 dxe5
28. Qxe5+ Kg8 29. Nc3 1/2-1/2

[Event "42nd POL-ch"]
[Site "Gdynia POL"]
[Date "1985.02.13"]
[Round "7"]
[White "Cichocki, Adam"]
[Black "Dejkalo, Stefan"]
[Result "0-1"]
[WhiteElo "2250"]
[BlackElo "2325"]
[PlyCount "74"]
[EventDate "1985.02.07"]

1. d4 Nf6 2. e3 e6 3. Nf3 b6 4. Bd3 Bb7 5. O-O c5 6. b3 Be7 7. Bb2 O-O 8. Nbd2
Nc6 9. a3 Rc8 10. Qe2 d6 11. Rfd1 Qc7 12. Rac1 Rfe8 13. dxc5 bxc5 14. c4 Red8
15. Bb1 Nb8 16. Ng5 Nbd7 17. f4 h6 18. Nge4 Nxe4 19. Nxe4 Bxe4 20. Bxe4 Bf6 21.
Rd3 Rb8 22. Rcd1 Bxb2 23. Qxb2 Nf6 24. Bf3 Kf8 25. e4 Ke7 26. e5 dxe5 27. fxe5
Ne8 28. Qc3 a5 29. Qe1 Rxd3 30. Rxd3 Rd8 31. Qh4+ g5 32. Qe4 Rxd3 33. Qxd3 Qxe5
34. Bc6 Nd6 35. Qd2 Qa1+ 36. Kf2 Qxa3 37. h4 Qb4 0-1

[Event "42nd POL-ch"]
[Site "Gdynia POL"]
[Date "1985.02.13"]
[Round "7"]
[White "Kojder, Konrad"]
[Black "Sygulski, Artur"]
[Result "1/2-1/2"]
[WhiteElo "2370"]
[BlackElo "2445"]
[PlyCount "97"]
[EventDate "1985.02.07"]

1. d4 Nf6 2. Bg5 d6 3. Bxf6 exf6 4. e3 f5 5. Bd3 g6 6. Nd2 Bg7 7. c3 Nd7 8. Ne2
Nf6 9. e4 fxe4 10. Nxe4 Nxe4 11. Bxe4 O-O 12. O-O d5 13. Bf3 c6 14. Re1 Qb6 15.
Qb3 Bd7 16. Qxb6 axb6 17. a3 Rfe8 18. Ng3 Bh6 19. Nf1 Kf8 20. Ne3 Rad8 21. Re2
Re7 22. Rae1 Rde8 23. g4 Bf4 24. Kg2 h6 25. h3 Bd6 26. Nc2 Rxe2 27. Rxe2 Rxe2
28. Bxe2 Ke7 29. Ne3 Kf6 30. h4 Be6 31. Kf3 Kg7 32. Bd3 Be7 33. Kg3 Bd6+ 34. f4
g5 35. hxg5 hxg5 36. Nf5+ Bxf5 37. Bxf5 Bxf4+ 38. Kf3 Kf8 39. Bc8 Ke7 40. Ke2
Bc1 41. b4 Kd8 42. Bf5 Bxa3 43. Kd2 c5 44. b5 Bb2 45. Kd3 Bc1 46. Bh7 Bf4 47.
Bf5 Bh2 48. Bh7 Bg1 49. Bf5 1/2-1/2

[Event "42nd POL-ch"]
[Site "Gdynia POL"]
[Date "1985.02.13"]
[Round "7"]
[White "Kuczynski, Robert"]
[Black "Bany, Jerzy"]
[Result "1/2-1/2"]
[WhiteElo "2415"]
[BlackElo "2435"]
[PlyCount "63"]
[EventDate "1985.02.07"]

1. e4 e6 2. d4 d5 3. Nd2 a6 4. Ngf3 c5 5. exd5 exd5 6. dxc5 Bxc5 7. Nb3 Ba7 8.
Qe2+ Qe7 9. Bd2 Be6 10. Be3 Bxe3 11. Qxe3 Bf5 12. Qxe7+ Nxe7 13. c3 Nbc6 14.
O-O-O O-O-O 15. Nfd4 Bg6 16. Bd3 Ne5 17. Bxg6 hxg6 18. Rhe1 N7c6 19. h3 Rhe8
20. Nc2 Nc4 21. Rxe8 Rxe8 22. Nbd4 Nd6 23. Rd2 Ne4 24. Re2 Ne5 25. Ne1 Kd7 26.
Kc2 Re7 27. Nd3 Nxd3 28. Kxd3 Kd6 29. f3 Nc5+ 30. Kd2 Rxe2+ 31. Nxe2 g5 32. Ke3
1/2-1/2

[Event "42nd POL-ch"]
[Site "Gdynia POL"]
[Date "1985.02.13"]
[Round "7"]
[White "Pokojowczyk, Jerzy"]
[Black "Jasnikowski, Zbigniew"]
[Result "1/2-1/2"]
[WhiteElo "2405"]
[BlackElo "2405"]
[PlyCount "112"]
[EventDate "1985.02.07"]

1. e4 c5 2. Nf3 e6 3. d4 cxd4 4. Nxd4 Nc6 5. Nb5 d6 6. c4 Nf6 7. N1c3 a6 8. Na3
Be7 9. Be2 O-O 10. O-O b6 11. Be3 Ne5 12. f4 Ned7 13. Bf3 Bb7 14. Rc1 Rc8 15.
Re1 Qc7 16. Nab1 Qb8 17. Qe2 Bc6 18. a3 Qb7 19. Bf2 e5 20. b4 b5 21. cxb5 axb5
22. a4 d5 23. axb5 Bxb5 24. Qxb5 Qxb5 25. Nxb5 dxe4 26. fxe5 Bxb4 27. N5c3 Nxe5
28. Bxe4 Nxe4 29. Rxe4 Nd3 30. Rc2 Rfd8 31. Bb6 Rd7 32. Rd4 Rb7 33. Rxd3 Rxb6
34. g3 h5 35. Kg2 Rbc6 36. Kf3 Rc4 37. Re3 Kh7 38. Ke2 h4 39. Kd1 hxg3 40. hxg3
f5 41. Rh2+ Kg8 42. Kc2 f4 43. gxf4 Rxf4 44. Reh3 Kf7 45. Kd3 Bxc3 46. Nxc3 g5
47. Rh7+ Kg6 48. R7h6+ Kg7 49. Rh7+ Kg6 50. R2h6+ Kf5 51. Nd1 Rd8+ 52. Ke2 Re8+
53. Ne3+ Ke4 54. Ra7 Rh4 55. Ra4+ Ke5 56. Ra5+ Ke4 1/2-1/2

[Event "42nd POL-ch"]
[Site "Gdynia POL"]
[Date "1985.02.13"]
[Round "7"]
[White "Staniszewski, Piotr"]
[Black "Szymczak, Zbigniew"]
[Result "1-0"]
[WhiteElo "2365"]
[BlackElo "2335"]
[PlyCount "59"]
[EventDate "1985.02.07"]

1. e4 c5 2. Nf3 d6 3. d4 cxd4 4. Nxd4 Nf6 5. Nc3 a6 6. Bg5 Nc6 7. Qd2 e6 8.
O-O-O h6 9. Bf4 Bd7 10. Nxc6 Bxc6 11. Qe2 Qc7 12. Nd5 Bxd5 13. exd5 e5 14. Bg3
Be7 15. f4 exf4 16. Bxf4 O-O 17. Kb1 Rfe8 18. Qf3 Nd7 19. Qg3 Kh8 20. Bd3 Nc5
21. Rhf1 Nxd3 22. Rxd3 Bf8 23. Bd2 Rac8 24. Bc3 Kg8 25. Qf4 Re7 26. Rg3 g6 27.
Qf6 Re5 28. Rgf3 b5 29. a3 a5 30. Bxe5 1-0

[Event "42nd POL-ch"]
[Site "Gdynia POL"]
[Date "1985.02.13"]
[Round "7"]
[White "Sygulski, Boguslaw"]
[Black "Zolnierowicz, Krzysztof"]
[Result "1-0"]
[WhiteElo "2270"]
[BlackElo "2270"]
[PlyCount "55"]
[EventDate "1985.02.07"]

1. d4 d5 2. c4 e6 3. Nf3 c5 4. cxd5 exd5 5. g3 Nf6 6. Bg2 Be7 7. O-O O-O 8.
dxc5 Bxc5 9. Qc2 Bb6 10. Nc3 Nc6 11. Bg5 Be6 12. Na4 h6 13. Nxb6 axb6 14. Be3
Nb4 15. Qb1 Rxa2 16. Rxa2 Nxa2 17. Qxa2 d4 18. Qa3 dxe3 19. Qxe3 Re8 20. Qc3
Bd5 21. Rd1 Rxe2 22. Nh4 Qd7 23. Bxd5 Nxd5 24. Qd3 Re8 25. Nf5 Re5 26. Ne3 Qh3
27. Nxd5 Rh5 28. Ne7+ 1-0

[Event "42nd POL-ch"]
[Site "Gdynia POL"]
[Date "1985.02.13"]
[Round "7"]
[White "Tomaszewski, Roman"]
[Black "Pytel, Krzysztof"]
[Result "0-1"]
[WhiteElo "2405"]
[BlackElo "2405"]
[PlyCount "69"]
[EventDate "1985.02.07"]

1. d4 Nf6 2. c4 e6 3. Nc3 Bb4 4. Qc2 O-O 5. Bd2 d5 6. cxd5 exd5 7. e3 Re8 8. a3
Bf8 9. Bd3 Nbd7 10. Nge2 c5 11. b3 a6 12. a4 b6 13. O-O Bb7 14. Bf5 g6 15. Bh3
Bg7 16. Rfd1 Nf8 17. a5 cxd4 18. Nxd4 bxa5 19. Nce2 Ne4 20. Bxa5 Qf6 21. Nf4
Ne6 22. Ndxe6 fxe6 23. Ra2 Rac8 24. Qd3 Nc3 25. Bxc3 Rxc3 26. Qb1 Qf7 27. Rc2
d4 28. Ne2 Rxc2 29. Qxc2 e5 30. e4 Rc8 31. Qd3 Bc6 32. Nc1 Bb5 33. Qb1 Rc7 34.
g3 Qf3 35. Bg2 0-1

[Event "42nd POL-ch"]
[Site "Gdynia POL"]
[Date "1985.02.14"]
[Round "8"]
[White "Bany, Jerzy"]
[Black "Sygulski, Boguslaw"]
[Result "1-0"]
[WhiteElo "2435"]
[BlackElo "2270"]
[PlyCount "83"]
[EventDate "1985.02.07"]

1. Nf3 Nf6 2. c4 e6 3. g3 b6 4. Bg2 Bb7 5. O-O c5 6. Nc3 Be7 7. d4 cxd4 8. Qxd4
d6 9. Rd1 a6 10. Ng5 Bxg2 11. Kxg2 Nc6 12. Qf4 Qc7 13. Nce4 Ne5 14. b3 Nxe4 15.
Nxe4 f5 16. Ng5 Bxg5 17. Qxg5 O-O 18. Ba3 Nf7 19. Qe3 Rfe8 20. Qf4 Rad8 21. Rd2
Qb7+ 22. Kg1 d5 23. Rad1 dxc4 24. Rxd8 Nxd8 25. Qxc4 Nf7 26. Rc1 g5 27. Qc6 Qb8
28. Bb2 g4 29. Qc3 e5 30. Qd3 Qd8 31. Qxf5 Qd2 32. Qxg4+ Kh8 33. Ba3 Ng5 34. h4
Ne6 35. Rc6 Nd4 36. Rc8 Nxe2+ 37. Kh2 Rxc8 38. Qxc8+ Kg7 39. Qf8+ Kg6 40. h5+
Kxh5 41. g4+ Kh4 42. Be7+ 1-0

[Event "42nd POL-ch"]
[Site "Gdynia POL"]
[Date "1985.02.14"]
[Round "8"]
[White "Cichocki, Adam"]
[Black "Tomaszewski, Roman"]
[Result "1-0"]
[WhiteElo "2250"]
[BlackElo "2405"]
[PlyCount "83"]
[EventDate "1985.02.07"]

1. d4 d5 2. Nf3 Nf6 3. e3 g6 4. Bd3 Bg7 5. O-O O-O 6. Nbd2 c5 7. b3 cxd4 8.
exd4 Nc6 9. c3 b6 10. Re1 Bb7 11. Nf1 Rc8 12. Bf4 e6 13. Rc1 Ne7 14. N1d2 Nh5
15. Be5 Bh6 16. h3 Nf4 17. Bf1 Nc6 18. Rc2 Re8 19. Bb5 a6 20. Bxc6 Rxc6 21. Nh2
f5 22. Qf3 Nh5 23. g4 Nf6 24. gxf5 exf5 25. Qd3 Ne4 26. Nxe4 dxe4 27. Qg3 b5
28. c4 Rc8 29. Nf1 Rf8 30. Kh2 Qd7 31. Rd1 f4 32. Qg4 Rf5 33. d5 bxc4 34. bxc4
Qa4 35. Rb2 Ba8 36. Rdb1 Qxc4 37. Rb8 Rff8 38. Qe6+ Rf7 39. Rxc8+ Bf8 40. Rxc4
e3 41. fxe3 fxe3 42. Nxe3 1-0

[Event "42nd POL-ch"]
[Site "Gdynia POL"]
[Date "1985.02.14"]
[Round "8"]
[White "Dejkalo, Stefan"]
[Black "Jasnikowski, Zbigniew"]
[Result "1/2-1/2"]
[WhiteElo "2325"]
[BlackElo "2405"]
[PlyCount "95"]
[EventDate "1985.02.07"]

1. c4 e5 2. Nc3 Nc6 3. e3 Nf6 4. Nf3 Bb4 5. Qc2 O-O 6. Nd5 Re8 7. Qf5 d6 8.
Nxf6+ Qxf6 9. Qxf6 gxf6 10. a3 Bc5 11. b4 Bb6 12. Bb2 a5 13. b5 Ne7 14. Be2 c6
15. bxc6 bxc6 16. d4 c5 17. dxe5 fxe5 18. Nd2 f5 19. g4 fxg4 20. Ne4 Rd8 21.
Bxg4 Bxg4 22. Rg1 h5 23. h3 Kf7 24. hxg4 hxg4 25. Rxg4 Ke6 26. Ke2 Rg8 27. Rxg8
Rxg8 28. Rh1 Bc7 29. Rh6+ Rg6 30. Rxg6+ Nxg6 31. Kd3 Ne7 32. Nc3 Bd8 33. Ke4
Ng8 34. Nd5 a4 35. Nc3 Nf6+ 36. Kd3 Ba5 37. Nxa4 e4+ 38. Ke2 Nd7 39. Bc3 Nb6
40. Nxb6 Bxb6 41. f3 exf3+ 42. Kxf3 d5 43. a4 Bc7 44. e4 dxc4 45. a5 Kd6 46.
Kg4 Kc6 47. e5 Bxe5 48. Bxe5 1/2-1/2

[Event "42nd POL-ch"]
[Site "Gdynia POL"]
[Date "1985.02.14"]
[Round "8"]
[White "Nowak, Ignacy"]
[Black "Kojder, Konrad"]
[Result "1/2-1/2"]
[WhiteElo "2395"]
[BlackElo "2370"]
[PlyCount "63"]
[EventDate "1985.02.07"]

1. d4 Nf6 2. c4 e6 3. Nf3 b6 4. g3 Bb7 5. Bg2 Be7 6. O-O d5 7. Ne5 O-O 8. Nc3
Na6 9. cxd5 exd5 10. a3 c5 11. Bf4 Ne4 12. Nxe4 dxe4 13. dxc5 Nxc5 14. Qc2 g5
15. Rfd1 Qc8 16. Be3 Qe6 17. Bxc5 Bxc5 18. Nd7 Rfc8 19. Nxc5 Rxc5 20. Qa4 Bc6
21. Qd4 e3 22. Qxe3 Qxe3 23. fxe3 Bxg2 24. Kxg2 Re8 25. Kf2 Rf5+ 26. Ke1 Rxe3
27. Rd3 Re6 28. Rad1 Rfe5 29. R1d2 h6 30. Rd5 Re4 31. R5d4 R4e5 32. Rd5 1/2-1/2